00269nam a2200097Ia 4500008004100000020002200041082002100063100002300084245005600107300000800163210430s9999 xx 000 0 und d a978-969-8535-29-2 a891.43909 s5256c aDr.safdar ali shah aColonialism english and punjabicDr.safdar ali shah a349